One day at HorrorLand / (Record no. 2769)

MARC details
000 -LEADER
fixed length control field 01492cam a2200301 a 4500
005 - DATE AND TIME OF LATEST TRANSACTION
control field 20240112155305.0
020 ## - INTERNATIONAL STANDARD BOOK NUMBER
International Standard Book Number 9781407157450
040 ## - CATALOGING SOURCE
Original cataloging agency OCo
Transcribing agency OCo
Modifying agency CSbC
-- DLC
Language of cataloging eng
050 00 - LIBRARY OF CONGRESS CALL NUMBER
Classification number PZ7.S86037
Item number 1994
082 00 - DEWEY DECIMAL CLASSIFICATION NUMBER
Classification number 813.6
100 1# - MAIN ENTRY--PERSONAL NAME
Personal name Stine, R. L.
245 10 - TITLE STATEMENT
Title One day at HorrorLand /
Statement of responsibility, etc. R.L. Stine
250 ## - EDITION STATEMENT
Edition statement First Published in the US
260 ## - PUBLICATION, DISTRIBUTION, ETC.
Place of publication, distribution, etc. New York :
Name of publisher, distributor, etc. Scholastic Inc.,
Date of publication, distribution, etc. 1994
300 ## - PHYSICAL DESCRIPTION
Extent 123 pages :
Dimensions 21 cm .
Other physical details illustrations ;
490 1# - SERIES STATEMENT
Series statement Goosebumps
Volume/sequential designation Book 4
505 ## - FORMATTED CONTENTS NOTE
Formatted contents note J <br/>
520 ## - SUMMARY, ETC.
Summary, etc. Discover the original bone-chilling adventures that made Goosebumps one of the bestselling children's books series of all time. Now with all-new bonus materials! Werewolf Village. The Doom Slide. The Coffin Cruise. These are just a few of the terrifying attractions that await Luke and Lizzy Morris at HorrorLand. Step right up and join the Morris family as they ride each ride--and scream each scream--for the very first time. Because it might also be their last.LOOK in the back of the BOOK: This special collector's edition includes a secret guide to the new Goosebumps HorrorLand series, tips & tricks for the Goosebumps HorrorLand video game, and more!.
521 0# - TARGET AUDIENCE NOTE
Target audience note 490 <br/>
Source Lexile <br/>
521 1# - TARGET AUDIENCE NOTE
Target audience note J <br/>
Source Raz-Plus <br/>
650 #1 - SUBJECT ADDED ENTRY--TOPICAL TERM
Topical term or geographic name entry element Amusement parks
General subdivision Fiction.
650 #0 - SUBJECT ADDED ENTRY--TOPICAL TERM
Topical term or geographic name entry element Horror tales.
655 #7 - INDEX TERM--GENRE/FORM
Genre/form data or focus term Fantasy fiction.
Source of term gsafd
655 #7 - INDEX TERM--GENRE/FORM
Genre/form data or focus term Horror fiction.
Source of term gsafd
906 ## - LOCAL DATA ELEMENT F, LDF (RLIN)
a 7
b cbc
c copycat
d 3
e ncip
f 19
g y-gencatlg
942 ## - ADDED ENTRY ELEMENTS (KOHA)
Source of classification or shelving scheme Dewey Decimal Classification
Koha item type Books
Suppress in OPAC No
999 ## -
-- 2769
-- 2769
Holdings
Withdrawn status Lost status Source of classification or shelving scheme Damaged status Not for loan Collection Home library Current library Shelving location Date acquired Total Checkouts Full call number Barcode Date last seen Date last checked out Price effective from Koha item type
    Dewey Decimal Classification     Fiction Footprints International School Library Network Toul Kork Campus Footprints International School Library Network Toul Kork Campus   01/12/2024 1 STI 813.6 PZ7.S86037 FISTKG6A041 02/26/2024 02/19/2024 01/12/2024 Books